000 00600nam a2200181Ia 4500
008 140609s9999 xx 000 0 und d
020 _a9789715506496
050 _aPL 5503
_b.Sa31 2012
100 _aSalazar, Marlies S.
245 _aPerspectives on Philippine Languages :
_bfive centuries of european scholarship /
_cMarlies S. Salazar,
260 _aQuezon, Philippines :
_bAteneo de Manila University Press,
_cc2012.
300 _a333 p. :
_bill. ;
_c23 cm.
500 _aIncludes index.
521 _aGE
650 _aPhilippine languages
_xResearch.
942 _kLOC
_cBK
999 _c118251
_d118251